La donna e l'amore al tempo dei miti. (Record n. 209859)
[ formato base ]
| 000 -LEADER | |
|---|---|
| campo di controllo lung. fissa | 01992nam a2200229Ia 4500 |
| 001 - Numero di controllo | |
| campo di controllo | b7117-53187 |
| 003 - Identificatore del numero di controllo | |
| campo di controllo | IT-MiCISF |
| 005 - Data e orario dell'ultima transazione | |
| campo di controllo | 20250107125344.0 |
| 008 - Elementi di lunghezza fissa--Informazione generale | |
| campo di controllo lung. fissa | 161014s9999||||xx |||||||||||||| ||und|| |
| 040 ## - Fonte della catalogazione | |
| Agenzia catalografica originale | IT-MiCISF |
| Agenzia che fa la trascrizione | IT-MiCISF |
| 041 ## - Codice di lingua | |
| Codice di lingua del testo/traccia sonora o titolo separato | it |
| 100 ## - Accesso principale -- nome di persona | |
| Nome di persona | Schwarz Arturo |
| 9 (RLIN) | 61328 |
| 245 #0 - Formulazione del titolo | |
| Titolo | La donna e l'amore al tempo dei miti. |
| Complemento del titolo | La valenza iniziatica ed erotica del femminile |
| 260 ## - Pubblicazione, distribuzione, ecc. (stampa) | |
| Luogo di pubblicazione, distribuzione, ecc. | Milano, |
| Nome dell'editore, distributore, ecc. | Garzanti, |
| Data di pubblicazione, distribuzione, ecc. | 2009 |
| 300 ## - Descrizione fisica | |
| Estensione | pp. 280 |
| 500 ## - Nota generale | |
| Nota generale | donna, storia, cultura |
| 520 ## - Riassunto, ecc. | |
| Nota di riassunto, ecc. | Da sempre la figura femminile, con la sua energia e il suo potere, è al centro di numerosi miti, culti e misteri, dalle prime civiltà matriarcali fino ai giorni nostri, magari in forme che fatichiamo ormai a identificare. La donna, origine del tutto, è la madre potente, che genera e nutre; al tempo stesso, il suo aspetto sessuale dinamizza e trasforma, donando la conoscenza.<br/>Partendo dalle antiche statuette paleolitiche - idoli femminili, caratterizzati ora da fianchi stretti e seni piccoli, ora da seni voluminosi e fianchi ampi - Arturo Schwarz segue e ricollega le diverse Signore dell'amore e della fecondità che hanno accompagnato la storia dell'umanità incarnando l'energia vitale della natura e indicando la via privilegiata alla conoscenza. Senza nascondere la profonda ambiguità del principio femminile, insieme benigno e distruttore.<br/>In questo suo viaggio Schwarz attinge all'antropologia e alla psicoanalisi, all'arte e alla filosofia, ma anche ai saperi più nascosti dell'alchimia e della Cabbalà. Illustra il rapporto tra il femminile e la luce, ovvero l'unione sessuale che porta alla conoscenza spirituale di sé e dell'altro. Esplora la sessualitrà come trascendenza e mistero, una delle fonti più profonde dell'esperienza religiosa. E naturalmente illumina il rapporto profondo tra l'emozione erotica e quella estetica, tra l'organismo e la vertigine della bellezza. |
| 650 ## - Accesso aggiunto di soggetto--termine topico | |
| Termine topico o nome geografico come accesso | Donna |
| 654 ## - Accesso aggiunto di soggetto--termini topici faccettati | |
| Termine principale | saggio |
| 942 ## - Dati aggiuntivi (Koha) | |
| Tipo copia default (Koha) | LIBRO |
| Fonte della classificazione o dello schema di collocazione (segnatura) | Dewey Decimal Classification |
| 999 ## - Sys Number locale (Koha) | |
| Koha Dewey Subclass [OBSOLETE] | si |
| Ritirato (status) | Perso (status) | Fonte della classificazione o dello schema di collocazione (segnatura) | Danneggiato (status) | Non per il presito | Biblioteca proprietaria | Biblioteca in cui si trova | Data d'acquisizione | Totale prestiti | Collocazione | Data ultima operazione | Prezzo in vigore dal | Tipo copia default (Koha) |
|---|---|---|---|---|---|---|---|---|---|---|---|---|
| Dewey Decimal Classification | Buone Condizioni | Not For Loan | CISF - Milano | CISF - Milano | 07/01/2025 | B7117 | 07/01/2025 | 07/01/2025 | LIBRO |